Tourism: (Record no. 31632)
[ view plain ]
| 000 -LEADER | |
|---|---|
| fixed length control field | 00572nam a22001697a 4500 |
| 008 - FIXED-LENGTH DATA ELEMENTS--GENERAL INFORMATION | |
| fixed length control field | 230622b |||||||| |||| 00| 0 eng d |
| 020 ## - INTERNATIONAL STANDARD BOOK NUMBER | |
| International Standard Book Number | 9788126563715 |
| 050 ## - LIBRARY OF CONGRESS CALL NUMBER | |
| Classification number | G 155 .A1M386 2011 |
| 100 ## - MAIN ENTRY--PERSONAL NAME | |
| Personal name | Charles R. Goeldner |
| 245 ## - TITLE STATEMENT | |
| Title | Tourism: |
| Remainder of title | Principles, practices, philosophies |
| Statement of responsibility, etc. | Goeldner, Charles R. |
| 250 ## - EDITION STATEMENT | |
| Edition statement | 12th ed. |
| 260 ## - PUBLICATION, DISTRIBUTION, ETC. (IMPRINT) | |
| Place of publication, distribution, etc. | New jersey: |
| Name of publisher, distributor, etc. | John wiley & sons, |
| Date of publication, distribution, etc. | 2011. |
| 300 ## - PHYSICAL DESCRIPTION | |
| Extent | xviii,494p.: |
| Other physical details | ill.; |
| Dimensions | 27cm. |
| 504 ## - BIBLIOGRAPHY, ETC. NOTE | |
| Bibliography, etc | Includes bibliographical references and index. |
| 760 ## - MAIN SERIES ENTRY | |
| Edition | 12th ed |
| 942 ## - ADDED ENTRY ELEMENTS (KOHA) | |
| Source of classification or shelving scheme | |
| Koha item type | Hard Covered Materials |
| Classification part | G 155 .A1M386 2011 |
| Withdrawn status | Lost status | Source of classification or shelving scheme | Damaged status | Not for loan | Home library | Current library | Shelving location | Date acquired | Source of acquisition | Cost, normal purchase price | Total Checkouts | Full call number | Barcode | Date last seen | Date last checked out | Price effective from | Koha item type |
|---|---|---|---|---|---|---|---|---|---|---|---|---|---|---|---|---|---|
| MACHAKOS UNIVERSITY LIBRARY | MACHAKOS UNIVERSITY LIBRARY | Open shelf | 16/06/2023 | Falcon | 10495.00 | 1 | G 155 .A1M386 2011 | 39406 | 11/07/2023 | 03/07/2023 | 22/06/2023 | Hard Covered Materials |